Find the 4-Neighbor Countries Quiz Stats

 Plays Quiz Updated Aug 13, 2018

Also try: 4-Border Countries
Challenge
Share
Tweet
Score 0/25 Timer 10:00
1 Play Today
% Correct
Thailand
45%
Greece
41%
Pakistan
39.7%
Nigeria
39.1%
Guatemala
38.7%
Benin
36.4%
Turkmenistan
36.3%
Zimbabwe
35.5%
Czechia
35.3%
Botswana
34.9%
Kyrgyzstan
34.9%
Egypt
32.9%
Angola
32.3%
% Correct
Namibia
31%
Albania
29.8%
Lithuania
28%
Kosovo
27.1%
Latvia
25.7%
Spain
25.3%
Rwanda
24.9%
Slovenia
24.3%
Tajikistan
22.9%
Belgium
20.7%
Georgia
18.1%
Armenia
16.6%

You're not logged in!

Compare scores with friends on all Sporcle quizzes.
Join for Free
OR
Log In

You Might Also Like...

Show Comments

Extras

Top Quizzes Today


Score Distribution

Your Account Isn't Verified!

In order to create a playlist on Sporcle, you need to verify the email address you used during registration. Go to your Sporcle Settings to finish the process.

Report this User

Report this user for behavior that violates our Community Guidelines.

Details: